Countries with the best food - Statistics

General Stats
  • This quiz has been taken 120 times
  • The average score is 6 of 10
Answer Stats
Answer % Correct
Italy
95%
Japan
90%
France
88%
China
81%
India
69%
Mexico
68%
Greece
64%
Turkey
55%
Morocco
15%
Lebanon
14%
No matching quizzes found
Score Distribution
Percent of People with Each Score
Percentile by Number Answered
Your Score History
You have not taken this quiz